La Visión del homosexualismo en El Salvador

La discriminación que sufre la población gay y lesbiana en El Salvador es tal que ha provocado asesinatos y una bapuleada por parte de la policía nacional a personas con preferencias homosexuales. Esto ha provocado una movilización social por parte de esta población que sin embargo, no fue cubierta...

Ausführliche Beschreibung

Gespeichert in:
Bibliographische Detailangaben
Format: Text
Schlagworte:
Tags: Tag hinzufügen
Keine Tags, Fügen Sie den ersten Tag hinzu!

MARC

LEADER 00000 a a2200000 04500
001 6248
003
040
245 |a La Visión del homosexualismo en El Salvador  
520 |a La discriminación que sufre la población gay y lesbiana en El Salvador es tal que ha provocado asesinatos y una bapuleada por parte de la policía nacional a personas con preferencias homosexuales. Esto ha provocado una movilización social por parte de esta población que sin embargo, no fue cubierta por los medios de comunicación. Muchas veces se confunde al lesbianismo y al homosexualismo con patologías y con delitos sexuales  
650 |a HOMOSEXUALIDAD  
650 |a ABUSO SEXUAL  
650 |a DISCRIMINACION BASADA EN EL GENERO  
650 |a POLICIA  
650 |a MOVILIZACION SOCIAL  
650 |a MEDIOS DE COMUNICACION DE MASAS  
650 |a EL SALVADOR  
773 |g volumen 19, número 813; páginas 8-10  
999 |c 24934  |d 24934